| 000 | 01368nam a22003017a 4500 | ||
|---|---|---|---|
| 005 | 20240530110340.0 | ||
| 008 | 141102s2011 le gr 001 0dara d | ||
| 020 | _a9789953823652 | ||
| 040 | _aEG-CaGPL | ||
| 082 | 0 | 4 |
_221 _a361.23\ _bر ح |
| 100 | 0 | _aربيع وهبة | |
| 245 | 1 |
_aالحركات الاحتجاجية فى الوطن العربى ( مصر - المغرب - لبنان - البحرين ) / _cربيع وهبة ، فارس اشتى [ واخ .] ؛ تحرير عمرو الشوبكى |
|
| 260 |
_aبيروت : _bمركز دراسات الوحدة العربية ؛ _c2011 |
||
| 300 |
_a304 ص ؛ _c24 سم |
||
| 650 | 0 | 4 |
_aحركات الاحتجاج _zمصر |
| 650 | 0 | 4 |
_aحركات الاحتجاج _zالمغرب |
| 650 | 0 | 4 |
_aحركات الاحتجاج _zلبنان |
| 650 | 0 | 4 |
_aحركات الاحتجاج _zالبحرين |
| 650 | 0 | 4 | _aالحركات الاجتماعية |
| 700 | 0 |
_aفارس اشتى _eمؤلف مشارك |
|
| 700 | 0 |
_aعبدالرحيم منار السليمى _eمؤلف مشارك |
|
| 700 | 0 |
_aمحمد العجاتى _eمؤلف مشارك |
|
| 700 | 0 |
_aعمرو الشوبكى _eمؤلف مشارك |
|
| 700 | 0 |
_aهبة رؤوف عزت _eمؤلف مشارك |
|
| 700 | 0 |
_aعمرو الشوبكى _eمحرر |
|
| 942 |
_2ddc _cBK |
||
| 999 |
_c59860 _d59860 |
||